banner koha

Flora and Phytophysiognomies of an Atlantic Forest remnant on the coast of Southeast Brazil (Registro n. 339373)

MARC details
000 -LÍDER
fixed length control field 04000nab a2200277 i 4500
003 - CÓDIGO MARC DA AGÊNCIA CATALOGADORA
Campo de controle BR-BrBNA
005 - DATA E HORA DA ÚLTIMA ATUALIZAÇÃO
Campo de controle 20251207080707.0
008 - CAMPO DE TAMANHO FIXO
fixed length control field 251207b2024 bl.ar|pooa||| 00| 0 eng |
040 ## - FONTE DA CATALOGAÇÃO
Agência catalogadora BR-BrBNA
Idioma da catalogação eng
072 ## - CATEGORIA AGRIS
Código AGRIS F70
100 ## - ENTRADA PRINCIPAL - NOME PESSOAL
Nome pessoal Guimarães, Gabriel Silva
100 ## - ENTRADA PRINCIPAL - NOME PESSOAL
Nome pessoal Nunes-Freitas, André Felippe
100 ## - ENTRADA PRINCIPAL - NOME PESSOAL
Nome pessoal Baumgratz, José Fernando Andrade
245 ## - TÍTULO PRINCIPAL
Título principal Flora and Phytophysiognomies of an Atlantic Forest remnant on the coast of Southeast Brazil
500 ## - NOTA GERAL
Nota geral Publicação on-line; Bibliography p. 23-26 (72 ref.); 4 tables; 23 illus.; Summaries (En, Pt)
942 ## - ADDED ENTRY ELEMENTS (KOHA)
Koha item type Analítica
520 ## - NOTA DE RESUMO
Nota de conteúdo <br/><br/>Abstract<br/><br/>The present work describes the phytophysiognomies and inventories the remaining floristic diversity of<br/>the Brisas Environmental Protection Area, which is located on the coast of Sepetiba Bay in the state of Rio<br/>de Janeiro, Brazil, covering approximately 101 hectares. Three phytophysiognomies were identified and<br/>described, namely Restinga, the Lowland Dense Ombrophylous Forest and the Mangrove. Different types<br/>of vegetation can be recognized for Restinga, such as beaches and dunes, those located on sandy ridges, in<br/>this case represented by Low and High Restinga forests, and the vegetation associated with depressions,<br/>such as the Swampy Restinga and Swampy forest. The floristic survey identified 311 species, distributed in<br/>231 genera and 86 families. Herbaceous plants represent 29.26% of the flora, followed by vines (27.75%),<br/>trees (27.33%), shrubs (14.46%) and epiphytes (4%). Restinga is home to 81% of the flora, followed by the<br/>Lowland Dense Ombrophylous Forest (28.30%) and the Mangrove (2.25%). The most representative families<br/>were Fabaceae (38 spp.), Euphorbiaceae (15 spp.), Asteraceae (14 spp.) and Sapindaceae (14 spp.). The area<br/>has low floristic similarity with other areas of the state of Rio de Janeiro, but it has a greater grouping with<br/>restingas from the state of Rio de Janeiro.<br/><br/>Key words: Brisas EPA, floristic, Lowland Dense Ombrophylous Forest, Restinga, Mangrove.<br/><br/><br/><br/><br/>Resumo<br/><br/>O presente trabalho descreve as fitofisionomias e inventaria a diversidade florística remanescente da Área de<br/>Proteção Ambiental das Brisas, que se localiza no litoral da Baía de Sepetiba, no estado do Rio de Janeiro,<br/>possuindo cerca de 101 hectares. Foram identificadas e descritas três fitofisionomias, a saber, Restinga, a<br/>mais predominante, a Floresta Ombrófila Densa de Terras Baixas e o Manguezal. Para a Restinga pode-se<br/>reconhecer diferentes tipos de vegetação, como a de Praias e Dunas, as situadas sobre Cordões Arenosos, neste<br/>caso representadas por Florestas Baixa e Alta de Restinga, e a vegetação associada às depressões, como o Brejo<br/>de Restinga e a Floresta Paludosa. O levantamento florístico identificou 311 espécies, distribuídas em 231<br/>gêneros e 86 famílias. As plantas herbáceas representam 29,26% da flora, seguido das trepadeiras (27,75%),<br/>arbóreas (27,33%), arbustivas (14,46%) e epífitas (4%). A Restinga abriga 81% da flora, seguida pela Floresta<br/>Ombrófila Densa de Terras Baixas (28,30%) e o Manguezal (2,25%). As famílias mais representativas foram<br/>Fabaceae (38 spp.), Euphorbiaceae (15 spp.), Asteraceae (14 spp.), Sapindaceae (14 spp.) e Malvaceae (13<br/>spp). A área tem baixa similaridade florística com outras áreas do estado do Rio de Janeiro, porém apresenta<br/>maior agrupamento com restingas fluminenses.<br/><br/>Palavras-chave: APA das Brisas, florística, Floresta Ombrófila de Terras Baixas, Restinga, Manguezal.
650 ## - ASSUNTO - THESAGRO
Cabeçalho tópico ou nome geográfico COMPOSIÇÃO BOTÂNICA
650 ## - ASSUNTO - THESAGRO
Cabeçalho tópico ou nome geográfico FLORESTA
650 ## - ASSUNTO - THESAGRO
Cabeçalho tópico ou nome geográfico RESTINGA
650 ## - ASSUNTO - THESAGRO
Cabeçalho tópico ou nome geográfico MANGUEZAL
650 ## - ASSUNTO - THESAGRO
Cabeçalho tópico ou nome geográfico PROTEÇÃO AMBIENTAL
773 0# - ENTRADA ANALÍTICA
Host Biblionumber 709
Registro do item 359346
Imprenta Rio de Janeiro-RJ Jardim Botanico do Rio de Janeiro 1935
Outro identificador 2025-7320
Título Rodriguésia (Brazil)
ISSN 0370-6583; 2175-7860 on-line
Colação v. 75 p. 1-26; (2024)
Número de controle de registro BR2025004439
856 ## - ACESSO E ENDEREÇO ELETRÔNICO
Identificador uniforme de recurso - URI https://www.scielo.br/j/rod/a/9HXjs3DB5ZsBbny54WCTQvF/?format=pdf&lang=en

Nenhum exemplar disponível.

BINAGRI

Telefone: (61)3218-2567/2388/3357/2097 - binagri@agro.gov.br

Ministério da Agricultura e Pecuária , Esplanada dos Ministérios, Bloco D, Anexo B, Brasília/DF, CEP: 70.043-900